| 000 | 00524nam a22001697a 4500 | ||
|---|---|---|---|
| 020 | _a9786010405196 | ||
| 082 |
_a658.3009584 _bDOS |
||
| 100 | _aDossova, S. N, B.K.Kambarov | ||
| 245 |
_aHuman Resources Management Policies and Practices in Kazakhstan/ _cS. N,Dossova and B.K.Kambarov |
||
| 260 |
_aAlmaty: _bKazakh university press; _c2014. |
||
| 300 | _a223p. | ||
| 504 | _aKazakh Language | ||
| 563 | _aPB | ||
| 650 |
_aHuman resource management _964173 |
||
| 650 | _aPersonnel management | ||
| 942 |
_2ddc _cBK |
||
| 999 |
_c616655 _d616655 |
||